000 00709nam a22002297a 4500
003 UA-OsUOA
001 95009
007 ta
008 20130220b un ||||| |||| 00| 0 ukr d
100 _aГоломша Н.Є.
700 _aШелест Н.А.
090 _a330(477)
_bГ61
942 _cSA
040 _aUA-OsUOA
_bukr
_cUA-OsUOA
_dUA-OsUOA
245 _aЕкономічна ефективність запровадження систем управління якістю в підприємстві
300 _aС.71-77
955 _a0
041 _aukr
080 _a330(477)
773 0 _w95005
_tЕкономіка АПК
_dК.
_d2013
_g2
650 7 _a330 Економіка взагалі
_2UDC
999 _c381255
_d381255